Entry Topical Term
001 - CONTROL NUMBER
- control field: 6774
003 - CONTROL NUMBER IDENTIFIER
- control field: LDD
005 - DATE AND TIME OF LATEST TRANSACTION
- control field: 20190624160241.0
008 - FIXED-LENGTH DATA ELEMENTS
- fixed length control field: 190624|| aca||aabn | a|a d
040 ## - CATALOGING SOURCE
- Original cataloging agency: LDD
- Transcribing agency: LDD
150 ## - HEADING--TOPICAL TERM
- Topical term or geographic name entry element: Climatic changes
- General subdivision: Government policy.
670 ## - SOURCE DATA FOUND
- Source citation: Work cat.: (LDD)152190: Kellow, Aynsley J. (Aynsley John), 1951- author. 374, Negotiating climate change :
